| 000 | 00411nam a2200133Ia 4500 | ||
|---|---|---|---|
| 008 | 220216s9999 xx 000 0 und d | ||
| 100 | _aHalasa Adel F | ||
| 245 | 0 | _aPreparation and characterization of solution SIBR via anionic polymerization (1997 reviews) | |
| 260 |
_bRubber Chemistry and Technology _c1997 |
||
| 300 | _a295-308 | ||
| 650 | _a1997 reviews | ||
| 650 | _aAnionic polymerization | ||
| 942 | _cJS | ||
| 999 |
_c65547 _d65547 |
||